عرض عادي
عرض مارك
- Rosenbusch, Gerd.
مدخل إسم شخص
001 - رقم الضبط
- حقل الضبط: 11017
003 - معرف رقم الضبط
- حقل الضبط: OSt
005 - تاريخ ووقت أخر عملية
- حقل الضبط: 20120417001414.0
008 - عناصر بيانات ثابتة الطول
- حقل تحكم ثابت الطول: 120417|||a|||||| | ||| d
040 ## - مصدر الفهرسة
- هيئة الفهرسة الأصلية: OSt
- وكالة الكتابة: OSt
100 ## - مدخل -- أسم شخص
- إسم شخص: Rosenbusch, Gerd.
670 ## - بيانات المصدر موجوده
- الاستشهاد بالمصدر: Work cat.: (OSt)23817: Reeders, Jacques W. A. J. 11010, Clinical radiology and endoscopy of the colon /, 1994.
